| 000 | 01008cam a22002897a 4500 | ||
|---|---|---|---|
| 003 | CHAP | ||
| 005 | 20220329134630.0 | ||
| 008 | 971013s1979 r 00010 d | ||
| 010 | _a23321 | ||
| 011 | _a24293 | ||
| 035 | _a28392 | ||
| 040 | _cCHAP | ||
| 082 |
_a630.94 _bN3 |
||
| 110 |
_aComisión Económica Europea _925710 |
||
| 245 | 0 |
_aProblems of the agricultural development of less-favoured areas in Europe _b: proceedings of a symposium of the Committee on Agricultural ... |
|
| 260 |
_aOxford : _bPergamon, _c1979 |
||
| 300 |
_a252 p. _b: ilus. ; mapas ; gráfs. |
||
| 590 |
_aBATCH-UPD _b10 _c20130110 _lUCH01 _h1156 |
||
| 590 |
_aBATCH-UPD _b10 _c20130410 _lUCH01 _h1144 |
||
| 590 |
_aBATCH-UPD _b10 _c20130914 _lUCH01 _h2046 |
||
| 590 |
_aCONVERSION _b10 _c20130109 _lUCH01 _h1314 |
||
| 650 | 1 | 4 |
_aAgricultura _xEuropa _zEuropa. _9175388 |
| 650 | 1 | 4 |
_aTierras _xUtilización. _9113219 |
| 901 | _aBK | ||
| 942 | _cLIBRO | ||
| 949 |
_a630.94 N3 _bBC _cLIBRO _d33724000850558 _eLIBRO _h50033 _i28392 _st _t805.00 |
||
| 999 |
_c23321 _d23321 |
||